zpět

Detail výsledku týmu

Starobělská hospoda, Ostrava

Datum a čas kvízu

36 Celkem bodů Celkový počet nahraných bodů na tomto kvízu bez doplňovacích otázek.
2. Pořadí na kvízu Konečné umístění týmu na tomto kvízu.

Zaznamenané odpovědi

# Otázka Odpověď Body Výsledky
1. Obyvatele jednoho českolipskéh... velký balvan 0
2. Vláda které země rozhodla, že... Islandu 0
3. Tvůrci jednoho nejmenovaného k... Lajna – konečně film! 1
4. Která společnost minulý týden... Levné knihy 1
5. Americká běžkyně Jessica McCla... C 1
6. Vítězné téma facebookového hla... 1B 2C 3D 4A 1
7. Která ženská postava běží na k... Bridget Jones 1
8. „Celou dobu mi do nosu tekla v... Spider-Man 1
9. Tento filmový polibek byl insp... 1952 1
10. Jak se jmenují filmové postavy... Lady a Tramp 1